[Event "Wch U12 Girls"]
[Site "Batumi"]
[Date "2022.09.23"]
[Round "7"]
[White "Abibulla, Zhansaya"]
[Black "Mateeva, Yana"]
[Result "1-0"]
[WhiteElo "1017"]
[BlackElo "1306"]
[PlyCount "64"]
[EventDate "2022.09.16"]
[EventType "swiss"]
[EventRounds "11"]
[EventCountry "GEO"]
[SourceTitle "EXT 2023"]
[Source "ChessBase"]
[SourceDate "2022.10.05"]
[SourceVersion "1"]
[SourceVersionDate "2022.10.05"]
[SourceQuality "1"]

1. e4 c6 2. d4 d5 3. Nc3 dxe4 4. Nxe4 Nf6 5. Nxf6+ exf6 6. Bf4 Bd6 7. Bxd6 Qxd6 8. c3 0-0 9. Bd3 Re8+ 10. Ne2 c5 11. 0-0 Nc6 12. dxc5 Qxc5 13. Ng3 Be6 14. Qc2 h6 15. Ne4 Qb6 16. Nd6 Red8 17. Nc4 Qc5 18. Ne3 Ne5 19. Be2 Rac8 20. a3 Qb6 21. c4 Qc5 22. Rac1 a5 23. Qc3 b6 24. Kh1 Rd4 25. b4 axb4 26. axb4 Qd6 27. c5 bxc5 28. bxc5 Qd7 29. Rfd1 Rxd1+ 30. Rxd1 Qc6 31. f4 Nd7 32. f5 Ba2 1-0

[Event "Wch U12 Girls"]
[Site "Batumi"]
[Date "2022.09.17"]
[Round "2"]
[White "Kiss, Inez"]
[Black "Abibulla, Zhansaya"]
[Result "1/2-1/2"]
[WhiteElo "1544"]
[BlackElo "1017"]
[PlyCount "106"]
[EventDate "2022.09.16"]
[EventType "swiss"]
[EventRounds "11"]
[EventCountry "GEO"]
[SourceTitle "EXT 2023"]
[Source "ChessBase"]
[SourceDate "2022.10.05"]
[SourceVersion "1"]
[SourceVersionDate "2022.10.05"]
[SourceQuality "1"]

1. e4 e5 2. Nf3 d5 3. exd5 e4 4. Ng1 Qxd5 5. Nc3 Qe6 6. Be2 Nc6 7. d3 exd3 8. Qxd3 Nf6 9. Nf3 Bd6 10. 0-0 0-0 11. Bg5 Nb4 12. Qd2 Ne4 13. Nxe4 Qxe4 14. c3 Nc6 15. Bd3 Qe8 16. Rfe1 Qd7 17. Qc2 h6 18. Bh4 Ne7 19. Bxe7 Bxe7 20. Rad1 Qe8 21. Qe2 Be6 22. Nd4 Bc5 23. Nxe6 Qxe6 24. Qxe6 fxe6 25. Re2 e5 26. Bc4+ Kh8 27. Bd5 Rad8 28. Red2 b6 29. Bf3 Bd6 30. Be4 Rf6 31. f3 Rdf8 32. a3 Bc5+ 33. Kf1 Rd6 34. b4 Rfd8 35. Ke2 Rxd2+ 36. Rxd2 Rxd2+ 37. Kxd2 Bg1 38. h3 Kg8 39. Bd5+ Kf8 40. Kd3 Ke7 41. Ke4 c5 42. Kxe5 cxb4 43. cxb4 Be3 44. a4 a5 45. bxa5 bxa5 46. f4 Bd2 47. Be4 g5 48. f5 Bc3+ 49. Kd5 Kf6 50. g4 Bb4 51. Bd3 Ba3 52. Bb5 Bb4 53. Be8 Ba3 1/2-1/2